LEADER 01193nam a2200253 i 4500 001 000000102544 003 CaOOAMICUS 005 20180830171932.0 008 180830s1960 fr u000 u mul u 013 $a74697 040 $aSeMil$bita 245 12$aL'oeuvre des six jours :$bquestions 65-74 /$ctraduction française, notes et appendices H.-D. Gardeil. 260 $aParis :$bLes Éditions du Cerf,$c1960. 300 $a335 p. 500 $aIn Appendici : Notes Explicatives ; Renseignements techniques ; Notes Bibliographiques. 650 4$aCreazione.$0(OLS)http://semarc/subject/1429 700 1 $aGardeil, Enri-Dominique,$d<1900-1974>.$0(OLS)http://semarc/name/5587 700 0 $aTommaso : d'Aquino,$c.$0(OLS)http://semarc/name/423 773 0 $aTommaso : d'Aquino $tSomme Théologique.$dParis : Desclée & Cie $w()6218 773 0 $tPremière partie].$w()6219 850 $aSeMil 852 $aSeMil$W1$xVenegono$y1$m660 28.1 5 *$j59043$B59043$CSeMilBibl$Z2$F70056 $81 996 $6245$aL'oeuvre des six jours :$bquestions 65-74$9(OLS)http://semarc/title/149209 996 $6260$aParis :$bLes Éditions du Cerf$9(OLS)http://semarc/publisher/29611 LEADER 01527nam a2200277 i 4500 001 000000009109 003 CaOOAMICUS 005 20180830125439.0 008 180830s2001 it u000 u ita u 040 $aSeMil$bita 100 1 $aPlazaola Artola, Juan .$0(OLS)http://semarc/name/4517 240 10$aHistoria y sentido del arte cristiano.$0(OLS)http://semarc/title/12026 245 10$aArte cristiana nel tempo :$bstoria e significato /$cJuan Plazaola. 250 $aEd. italiana. 260 $aCinisello Balsamo :$bSan Paolo,$c2001-2002- 300 $a2 v. ;$c24 cm. 500 $aFondo Card. C.M. Martini. 650 4$aArte cristiana - Storia.$0(OLS)http://semarc/subject/1425 700 1 $aCrippa, Maria Antonietta.$0(OLS)http://semarc/name/2705 773 0 $aFliche, Augustin$tStoria della Chiesa. Nuova serie.$dCinisello Balsamo : San Paolo, 2001.$w()10866 774 0 $aPlazaola Artola, Juan $tDall'antichità al Medioevo.$bEd. italiana.$dCinisello Balsamo : San Paolo, 2001.$kStoria della Chiesa. Nuova serie$z88-215-4459-1$g1$w()114365 774 0 $aPlazaola Artola, Juan $tDal Rinascimento all'età contemporanea.$bEd. italiana.$dCinisello Balsamo : San Paolo, 2002.$kStoria della Chiesa. Nuova serie$z88-215-4565-2$g2$w()114366 785 00$tStoria della Chiesa.$w()137 941 1 $a4 996 $6245$aArte cristiana nel tempo :$bstoria e significato$9(OLS)http://semarc/title/12025 996 $6260$aCinisello Balsamo :$bSan Paolo$9(OLS)http://semarc/publisher/30129